| 000 | 00689nam a2200205Ia 4500 | ||
|---|---|---|---|
| 003 | GCL | ||
| 008 | 140319s9999 xx 000 0 ara d | ||
| 020 | _a4025329957 | ||
| 040 |
_aGCL / _cGCL |
||
| 082 | 0 | 4 |
_a642.5 _bن ص |
| 100 | 1 | _aنزيه الدباس | |
| 245 | 1 | 0 |
_aصحة الانسان وسلامتها فى الفنادق / _cنزيه الدباس |
| 260 |
_aالاردن : _bدار الحامد للنشر والتوزيع ، _c2003 |
||
| 300 |
_a231 ص ؛ _c24 سم |
||
| 650 | 0 | 4 | _aالمطاعم |
| 650 | 0 | 4 | _aالفنادق - خدمات الطعام |
| 650 | 0 | 4 | _aالاغذية - الجوانب الصحية |
| 650 | 0 | 4 | _aالطهى للفنادق |
| 942 |
_2ddc _cBK |
||
| 999 |
_c34787 _d34787 |
||